000
00248nam a22001097a 4500
082
_a
355.02 GUO'P
100
_a
GUDERIAN, HEING GENERAL
_9
76933
245
_a
PANZER LEADER
260
_a
LONDON
_b
MICHAEL JOSEPH
_c
1953
300
_a
528P
942
_c
BK
999
_c
582243
_d
582243